00283nam a2200121Ia 4500008004100000100000900041245004300050260002600093300000800119650001000127942000700137999001700144190216s9999||||xx |||||||||||||| ||und|| aNull 0aHindi-Vyavaharik Uthi Hindi Shabdakosh bPoorna Pubs Kozhikode a277 aHindi cBK c15936d15936